| 000 | 00668nam a2200229Ia 4500 | ||
|---|---|---|---|
| 003 | OSt | ||
| 005 | 20221005115135.0 | ||
| 006 | a|||||r|||| 00| 0 | ||
| 007 | ta | ||
| 008 | 221004b |||||||| |||| 00| 0 eng d | ||
| 024 | _a52683 | ||
| 037 | _cTextual | ||
| 040 |
_aCRL _cCRL _beng |
||
| 041 |
_2eng _aeng |
||
| 082 | _aQ78M0wM77, D3 | ||
| 100 |
_aDumasla Naoroji M _9627178 |
||
| 245 | 0 | _aBrief history of the Aga Khan with an account of his predecessors, the Ismailian Princes or Benefatimite caliphs of Egypt | |
| 260 | _c1903 | ||
| 650 | _aRELIGION | ||
| 942 |
_hQ78M0wM77, D3 _cTEXL _2cc |
||
| 999 |
_c1033527 _d1033527 |
||